00222nam a2200097Ia 4500008004100000041000800041082001300049100001500062245002400077260002300101231212s1998 xx 000 0 und d aeng a625.3192 aSedha R.S. aApplied Electronics aPunebNiralic1998